<?xml version="1.0" encoding="UTF-8"?>
<record
    xmlns:xsi="http://www.w3.org/2001/XMLSchema-instance"
    xsi:schemaLocation="http://www.loc.gov/MARC21/slim http://www.loc.gov/standards/marcxml/schema/MARC21slim.xsd"
    xmlns="http://www.loc.gov/MARC21/slim">

  <leader>00347nam a22001217a 4500</leader>
  <datafield tag="040" ind1=" " ind2=" ">
    <subfield code="c">SY</subfield>
  </datafield>
  <datafield tag="082" ind1=" " ind2=" ">
    <subfield code="a">577</subfield>
  </datafield>
  <datafield tag="100" ind1=" " ind2=" ">
    <subfield code="a">VON MONIN; &#x179C;&#x1793; &#x1798;&#x17BB;&#x1793;&#x17B7;&#x1793;&#x17D2;&#x1791;</subfield>
  </datafield>
  <datafield tag="245" ind1=" " ind2=" ">
    <subfield code="a">Silviculture in the tropics, &#x179A;&#x17BB;&#x1780;&#x17D2;&#x1781;&#x179C;&#x1794;&#x17D2;&#x1794;&#x1780;&#x1798;&#x17D2;&#x1798;&#x1793;&#x17C5;&#x178F;&#x17C6;&#x1794;&#x1793;&#x17CB;&#x178F;&#x17D2;&#x179A;&#x17BC;&#x1796;&#x17B7;&#x1785;</subfield>
  </datafield>
  <datafield tag="260" ind1=" " ind2=" ">
    <subfield code="a">RUA</subfield>
    <subfield code="b">VON</subfield>
    <subfield code="c">1998</subfield>
  </datafield>
  <datafield tag="300" ind1=" " ind2=" ">
    <subfield code="a">139p.</subfield>
  </datafield>
  <datafield tag="942" ind1=" " ind2=" ">
    <subfield code="c">KB</subfield>
  </datafield>
  <datafield tag="999" ind1=" " ind2=" ">
    <subfield code="c">9415</subfield>
    <subfield code="d">9415</subfield>
  </datafield>
  <datafield tag="952" ind1=" " ind2=" ">
    <subfield code="0">0</subfield>
    <subfield code="1">0</subfield>
    <subfield code="4">0</subfield>
    <subfield code="6">577_000000000000000_VON_1998_C166</subfield>
    <subfield code="7">0</subfield>
    <subfield code="9">51335</subfield>
    <subfield code="a">LBC</subfield>
    <subfield code="b">LBC</subfield>
    <subfield code="c">C166</subfield>
    <subfield code="d">2016-09-01</subfield>
    <subfield code="o">577 VON 1998 C166</subfield>
    <subfield code="p">RUA40988</subfield>
    <subfield code="r">2016-09-01</subfield>
    <subfield code="y">KB</subfield>
  </datafield>
</record>
